000 00629nam a2200217Ii 4500
003 JO-AjNU
008 230605s9999||||xx |||||||||||||| ||und||
017 _a2005/8/2090
040 _aJO-AjNU
_bara
_erda
_cJO-AjNU
041 _aara
050 1 4 _aPj7846 2005
100 3 _aياسين، مظهر,
_eauthor
_957491
245 0 0 _aحكاية حياة
250 _aط2
264 3 1 _aعمان:اسرة الفن الاردني،2005
300 _a99ص
336 _atext
_btxt
_2rdacontent
337 _aunmediated
_bn
_2rdamedia
338 _avolume
_bnc
_2rdacarrier
650 4 _aقصص عربية-حكاية حياة
_957492
999 _aA25768
_c29336
_d29336